00556nam a2200193Ia 4500003000400000005001700004008004100021040000700062041000800069082001300077100002600090245003100116260002000147300000900167650002200176942001300198999001900211952013200230OSt20251111152604.0250729s2005 xx 000 0 und d cAL aeng a000 SART aSardana Vimal9224257 aTales from indian classics aNew Delhic2005 a135p aGeneralia9224258 2ddccBED c236319d236319 00104070aALbALd2025-07-29eSchool Book Companyg110.00l0o000 SARTpBED01638r2025-07-29 16:54:44v110.00w2025-07-29yBK